GETS Theological Seminary Library

光与盐. 第二卷 : (Record no. 40735)

MARC details
000 -LEADER
fixed length control field 01476nam a2200217Ia 4500
008 - FIXED-LENGTH DATA ELEMENTS--GENERAL INFORMATION
fixed length control field 220820s9999 xx 000 0 und d
020 ## - INTERNATIONAL STANDARD BOOK NUMBER
International Standard Book Number 97875126320807512632088
041 ## - LANGUAGE CODE
Language code of text/sound track or separate title chi
Language code of original eng
050 ## - LIBRARY OF CONGRESS CALL NUMBER
Classification number BR1296
Item number .S2512 2014
100 ## - MAIN ENTRY--PERSONAL NAME
Personal name Hamrin, Carol Lee
245 #0 - TITLE STATEMENT
Title 光与盐. 第二卷 :
Remainder of title /
Statement of responsibility, etc. 李可柔 (Carol Lee Hamrin) 著; 毕乐思 (Stacey Bieler) 編; 彭萃安, 李亚丁, 王文宗, 杨海利译
246 ## - VARYING FORM OF TITLE
Title proper/short title 光與鹽. 第二卷
Remainder of title /
260 ## - PUBLICATION, DISTRIBUTION, ETC.
Place of publication, distribution, etc. 北京市 :
Name of publisher, distributor, etc. 团结出版社,
Date of publication, distribution, etc. 2014
300 ## - PHYSICAL DESCRIPTION
Extent 3, 12, 321 p.
Other physical details ill. ;
Dimensions 25 cm
500 ## - GENERAL NOTE
General note Translaiton of: Salt and light 2 : more lives of faith that shaped modern China.
505 ## - FORMATTED CONTENTS NOTE
Formatted contents note Yan Yongjing and Yan Huiqing : father and son bridging East and West / by Carol Lee Hamrin -- Ma Xiangbo : pioneer of educational reform / by Jean-Paul West -- Kuang Fuzhuo : from coolie to educator and humanitarian / by Chi Wai Cheung -- The Xu family : a legacy of service / by Stacey Bieler -- Zhou Tingxu : early modernist painter and world-class sportsman / by Kazimierz Poznanski -- Yin Renxian : a light in the darkness / by Wenzong Wang -- Sun Mingjing and Lü Jin'ai : pioneers of educational films / by Ying Zhu -- Zhang Boling : the making of a new Chinese citizen / by John Barwick.
650 ## - SUBJECT ADDED ENTRY--TOPICAL TERM
Topical term or geographic name entry element Christian biography -- China.China -- Social conditions -- 1644-1912.China -- Social conditions -- 1912-1949.
700 ## - ADDED ENTRY--PERSONAL NAME
Personal name Bieler, Stacey
700 ## - ADDED ENTRY--PERSONAL NAME
Personal name 李可柔彭萃安王文宗李亚丁
Holdings
Withdrawn status Lost status Damaged status Not for loan Home library Current library Shelving location Date acquired Total Checkouts Full call number Barcode Date last seen Price effective from Koha item type
        GETS Theological Seminary Library GETS Theological Seminary Library   08/20/2022   BR1296 .S2512 2014 00028841 08/20/2022 08/20/2022 Chinese Book
OpacCredits

Contact the Librarian, GETS Library
Email: library@mygets.org









Implemented by GETS Library
(Powered by ETCA Professional Group)
GETS Theological Seminary
412 E. Rowland Street, CA 91723